000 00389nam a2200145 i 4500
001 26807
003 ES-MaACL
007 t|
008 030110s1970 ve ||||1| spa d
100 1 _aAustria, Guillermo.
_923965
245 1 0 _aCenizas de emoción /
_cGuillermo Austria.
260 _aCaracas :
_b[s.n.,
_c1970] (
_fTip. Vargas)
300 _a90 p. ;
_c20 cm.
852 _aES-MaACL
_jB-5698
999 _c26807
_d26807